[Event "Heusenstamm Schloss op"]
[Site "Heusenstamm"]
[Date "2023.11.26"]
[Round "6"]
[White "Meuer, David"]
[Black "Wolf, Ulrich Martin"]
[Result "0-1"]
[WhiteElo "1988"]
[BlackElo "2203"]
[PlyCount "52"]
[EventDate "2023.11.23"]
[EventType "swiss"]
[EventRounds "7"]
[EventCountry "GER"]
[SourceTitle "CB50_2023"]
[SourceDate "2023.12.13"]
[SourceVersion "1"]
[SourceVersionDate "2023.12.13"]
[SourceQuality "1"]

1. e4 c5 2. Nf3 Nc6 3. d4 cxd4 4. Nxd4 e5 5. Nb5 d6 6. c4 Be6 7. N1c3 a6 8. Na3 g6 9. Be3 Bg7 10. Be2 Nf6 11. Qd2 0-0 12. 0-0 Rc8 13. Nc2 Na5 14. b3 b5 15. Rfd1 bxc4 16. b4 Nc6 17. Qxd6 Nd4 18. Qxd8 Nxe2+ 19. Nxe2 Rfxd8 20. Nc3 Rd3 21. Bd2 Rcd8 22. Be1 Nxe4 23. Ne3 Nxc3 24. Bxc3 f5 25. Rxd3 Rxd3 26. Be1 f4 0-1

[Event "Heusenstamm Schloss op"]
[Site "Heusenstamm"]
[Date "2023.11.24"]
[Round "3"]
[White "Meuer, David"]
[Black "Lesny, Florian"]
[Result "1/2-1/2"]
[WhiteElo "1988"]
[BlackElo "2216"]
[PlyCount "77"]
[EventDate "2023.11.23"]
[EventType "swiss"]
[EventRounds "7"]
[EventCountry "GER"]
[SourceTitle "CB50_2023"]
[SourceDate "2023.12.13"]
[SourceVersion "1"]
[SourceVersionDate "2023.12.13"]
[SourceQuality "1"]

1. e4 c5 2. Nf3 d6 3. d4 cxd4 4. Nxd4 Nf6 5. Nc3 a6 6. Qf3 g6 7. h3 Bg7 8. Be3 0-0 9. 0-0-0 Qa5 10. Nb3 Qc7 11. Kb1 Nc6 12. g4 Be6 13. Qg2 b5 14. f4 b4 15. Nd5 Qb7 16. Nd4 Nxd4 17. Nxf6+ Bxf6 18. Bxd4 Bxd4 19. Rxd4 Bd7 20. h4 e5 21. Rxd6 Bc6 22. Bd3 exf4 23. h5 Rad8 24. Rf6 g5 25. h6 Bb5 26. Qe2 Qe7 27. e5 Bxd3 28. cxd3 Rfe8 29. Rf5 Rd5 30. Re1 Red8 31. d4 Rxd4 32. Qxa6 Rd1+ 33. Rxd1 Rxd1+ 34. Kc2 Rd7 35. Qc8+ Rd8 36. Qc6 Rd7 37. Qc8+ Rd8 38. Qc6 Rd7 39. Qc8+ 1/2-1/2

[Event "Marburg op-A"]
[Site "Marburg"]
[Date "2023.10.29"]
[Round "7"]
[White "Meuer, David"]
[Black "Schelhorn, Paul"]
[Result "1-0"]
[WhiteElo "2048"]
[BlackElo "1807"]
[PlyCount "81"]
[EventDate "2023.10.26"]
[EventType "swiss"]
[EventRounds "7"]
[EventCountry "GER"]
[SourceTitle "CB49_2023"]
[SourceDate "2023.12.06"]
[SourceVersion "1"]
[SourceVersionDate "2023.12.06"]
[SourceQuality "1"]

1. e4 d6 2. d4 Nf6 3. Nc3 g6 4. Nf3 Bg7 5. Be3 c6 6. Qd2 b5 7. Bd3 Bg4 8. Bh6 Bxh6 9. Qxh6 Bxf3 10. gxf3 Qa5 11. Qd2 Nbd7 12. Ne2 Qxd2+ 13. Kxd2 e5 14. f4 exd4 15. Nxd4 Nc5 16. Rae1 Nxd3 17. cxd3 Kd7 18. f3 c5 19. Ne2 Rac8 20. Rc1 Ke6 21. Rhg1 Rhd8 22. d4 c4 23. d5+ Ke7 24. Nd4 Rd7 25. b3 Nh5 26. Nc6+ Kf6 27. bxc4 bxc4 28. Rxc4 Nxf4 29. Ke3 g5 30. Rb1 Ng6 31. Rbb4 Rdc7 32. Kd4 Ne7 33. Na5 Rc5 34. Nb7 Rxc4+ 35. Rxc4 Rxc4+ 36. Kxc4 Ke5 37. Nd8 Kf4 38. Nxf7 h6 39. Nxd6 Kxf3 40. Nf5 Kxe4 41. Nxe7 1-0

[Event "Marburg op-A"]
[Site "Marburg"]
[Date "2023.10.26"]
[Round "1"]
[White "Meuer, David"]
[Black "Mueller, Riyanna"]
[Result "1-0"]
[WhiteElo "2048"]
[BlackElo "1778"]
[PlyCount "89"]
[EventDate "2023.10.26"]
[EventType "swiss"]
[EventRounds "7"]
[EventCountry "GER"]
[SourceTitle "CB49_2023"]
[SourceDate "2023.12.06"]
[SourceVersion "1"]
[SourceVersionDate "2023.12.06"]
[SourceQuality "1"]

1. e4 d5 2. exd5 Qxd5 3. Nc3 Qd6 4. d4 Nf6 5. Nf3 a6 6. g3 Bg4 7. h3 Bxf3 8. Qxf3 c6 9. Be3 e6 10. 0-0-0 Nbd7 11. Bg2 Nb6 12. Ne4 Nxe4 13. Qxe4 Be7 14. g4 0-0 15. Qd3 Nd5 16. Be4 Nb4 17. Qb3 Kh8 18. c4 a5 19. a3 Na6 20. Bb1 b5 21. Qd3 g6 22. c5 Qc7 23. h4 a4 24. h5 Kg8 25. hxg6 hxg6 26. f4 f5 27. Ba2 Qd7 28. gxf5 gxf5 29. Rdg1+ Kf7 30. Rh7+ Ke8 31. Rgg7 b4 32. Rxe7+ Qxe7 33. Rxe7+ Kxe7 34. Bc4 bxa3 35. bxa3 Nc7 36. Qc2 Nd5 37. Bxd5 exd5 38. Bf2 Kd7 39. Qd3 Kc7 40. Qh3 Rac8 41. Be1 Rf7 42. Ba5+ Kb7 43. Qc3 Ra8 44. Qb4+ Kc8 45. Qb6 1-0

[Event "GER-chT U16"]
[Site "Darmstadt"]
[Date "2022.12.29"]
[Round "5"]
[White "Reichmann, Felix"]
[Black "Meuer, David"]
[Result "1-0"]
[WhiteElo "1813"]
[BlackElo "1949"]
[PlyCount "73"]
[EventDate "2022.12.26"]
[EventType "team-swiss"]
[EventRounds "7"]
[EventCountry "GER"]
[SourceTitle "CBM 212 Extra"]
[Source "ChessBase"]
[SourceDate "2023.03.31"]
[SourceVersion "1"]
[SourceVersionDate "2023.03.31"]
[SourceQuality "1"]
[WhiteTeam "Berlin Nord Ost"]
[BlackTeam "Lahnstein Turm"]
[WhiteTeamCountry "GER"]
[BlackTeamCountry "GER"]

1. c4 e5 2. Nc3 Nf6 3. Nf3 Nc6 4. e4 Bb4 5. d3 d6 6. a3 Bc5 7. b4 Bb6 8. Na4 Bd4 9. Nxd4 Nxd4 10. Be3 Nc6 11. h3 0-0 12. Be2 Bd7 13. 0-0 Ne8 14. Nc3 f5 15. f4 fxe4 16. Nxe4 Nf6 17. f5 Ne7 18. g4 h6 19. Bf3 Nxe4 20. dxe4 Qe8 21. Kg2 Qf7 22. Qd3 a6 23. Rh1 Rae8 24. h4 Kh8 25. Rag1 Kg8 26. Rh3 Kh8 27. Kh2 Kg8 28. Rhg3 Kh8 29. h5 Bc6 30. g5 Nxf5 31. exf5 e4 32. Qd4 exf3 33. gxh6 Rxe3 34. hxg7+ Kh7 35. gxf8N+ Qxf8 36. Rg7+ Kh6 37. Qxe3+ 1-0

[Event "GER-chT U16"]
[Site "Darmstadt"]
[Date "2022.12.28"]
[Round "4"]
[White "Meuer, David"]
[Black "Bilovil, Bogdan"]
[Result "1/2-1/2"]
[WhiteElo "1949"]
[BlackElo "2373"]
[PlyCount "55"]
[EventDate "2022.12.26"]
[EventType "team-swiss"]
[EventRounds "7"]
[EventCountry "GER"]
[SourceTitle "CBM 212 Extra"]
[Source "ChessBase"]
[SourceDate "2023.03.31"]
[SourceVersion "1"]
[SourceVersionDate "2023.03.31"]
[SourceQuality "1"]
[WhiteTeam "Lahnstein Turm"]
[BlackTeam "Rheda"]
[WhiteTeamCountry "GER"]
[BlackTeamCountry "GER"]

1. e4 e5 2. Nf3 Nc6 3. d4 exd4 4. Nxd4 Bc5 5. Nxc6 Qf6 6. Qd2 Qxc6 7. Bd3 Ne7 8. 0-0 b6 9. b4 Bd4 10. c3 Bf6 11. f4 g6 12. Bb2 Bb7 13. Na3 a6 14. Rae1 0-0-0 15. Qe2 b5 16. c4 Bxb2 17. Qxb2 bxc4 18. Nxc4 d5 19. Na5 Qb6+ 20. Kh1 Rhg8 21. Nxb7 Kxb7 22. Rc1 dxe4 23. Bxe4+ Kb8 24. Qe5 Qd6 25. Qa5 Qb6 26. Qe5 Qd6 27. Qa5 Qb6 28. Qe5 1/2-1/2

[Event "Heusenstamm Sparkassen op-B 7th"]
[Site "Heusenstamm"]
[Date "2021.11.19"]
[Round "3.23"]
[White "Meuer, David"]
[Black "Huang, Luca Hanson"]
[Result "1-0"]
[WhiteElo "1649"]
[BlackElo "1429"]
[PlyCount "65"]
[EventDate "2021.11.18"]
[EventType "swiss"]
[EventRounds "7"]
[EventCountry "GER"]
[SourceTitle "EXT 2023"]
[Source "ChessBase"]
[SourceDate "2022.10.05"]
[SourceVersion "1"]
[SourceVersionDate "2022.10.05"]
[SourceQuality "1"]

1. e4 c5 2. c3 e6 3. d4 cxd4 4. cxd4 Nf6 5. e5 Nd5 6. Nf3 Nc6 7. Bc4 Bb4+ 8. Bd2 Bxd2+ 9. Qxd2 Nb6 10. Bd3 d6 11. exd6 Qxd6 12. Nc3 a6 13. 0-0 Bd7 14. Qe3 Nb4 15. Rfd1 Nxd3 16. Qxd3 0-0 17. Ne4 Qe7 18. Neg5 g6 19. h4 Bb5 20. Qb3 Qd8 21. Re1 Bc4 22. Qe3 Nd5 23. Qd2 Rc8 24. Ne5 Bb5 25. Ngf3 Kg7 26. Ng4 Kh8 27. Qh6 Qe7 28. Ng5 f5 29. Rxe6 Qg7 30. Qxg7+ Kxg7 31. Ne3 Nxe3 32. Rxe3 Kh6 33. Ne6 1-0

[Event "Heusenstamm Sparkassen op-B 7th"]
[Site "Heusenstamm"]
[Date "2021.11.18"]
[Round "1.27"]
[White "Meuer, David"]
[Black "Neininger, Sarah"]
[Result "1/2-1/2"]
[WhiteElo "1649"]
[BlackElo "1380"]
[PlyCount "116"]
[EventDate "2021.11.18"]
[EventType "swiss"]
[EventRounds "7"]
[EventCountry "GER"]
[SourceTitle "EXT 2023"]
[Source "ChessBase"]
[SourceDate "2022.10.05"]
[SourceVersion "1"]
[SourceVersionDate "2022.10.05"]
[SourceQuality "1"]

1. e4 c5 2. c3 Nf6 3. e5 Nd5 4. d4 cxd4 5. cxd4 e6 6. Nf3 d6 7. Bc4 Bd7 8. 0-0 Bc6 9. Re1 Be7 10. Nc3 Nxc3 11. bxc3 0-0 12. Ba3 Qc7 13. exd6 Bxd6 14. Bxd6 Qxd6 15. Re3 Nd7 16. Bd3 Nf6 17. Ne5 h6 18. Bc2 Nd5 19. Qd3 f5 20. Rg3 Nf6 21. Qd2 Kh7 22. Re1 Ne4 23. Bxe4 Bxe4 24. f3 f4 25. Rg4 Bd5 26. c4 Bc6 27. Qd3+ Kg8 28. Qg6 Qe7 29. Nxc6 bxc6 30. Rxe6 Qd7 31. Rd6 Qe7 32. Qe6+ Qxe6 33. Rxe6 Rad8 34. Re4 g5 35. h4 Rf5 36. hxg5 hxg5 37. g3 fxg3 38. Rxg3 Kf7 39. Rh3 Rf4 40. Rh7+ Kf6 41. Rh6+ Kf7 42. Rxc6 Rxe4 43. fxe4 Rxd4 44. a4 Rxe4 45. Kf2 Re6 46. Rc7+ Re7 47. Rc5 Kf6 48. Kf3 Re5 49. Rc6+ Re6 50. Rc5 Re5 51. Rb5 Rxb5 52. axb5 Ke5 53. c5 Kd5 54. c6 Kd6 55. Kg4 a6 56. bxa6 Kxc6 57. Kxg5 Kb6 58. a7 Kxa7 1/2-1/2

[Event "GER-ch U14"]
[Site "Willingen"]
[Date "2020.10.22"]
[Round "4"]
[White "Meuer, David"]
[Black "Schubert, Nikita"]
[Result "0-1"]
[WhiteElo "1632"]
[BlackElo "1946"]
[PlyCount "192"]
[EventDate "2020.10.19"]
[EventType "swiss"]
[EventRounds "7"]
[EventCountry "GER"]
[SourceTitle "EXT 2022"]
[Source "ChessBase"]
[SourceDate "2021.10.06"]
[SourceVersion "1"]
[SourceVersionDate "2021.10.06"]
[SourceQuality "1"]

1. e4 e5 2. Nf3 Nc6 3. Nc3 Nf6 4. d4 exd4 5. Nxd4 Bc5 6. Nxc6 bxc6 7. Bd3 0-0 8. 0-0 Re8 9. Bg5 h6 10. Bh4 d6 11. h3 Bd4 12. Qf3 Rb8 13. Rab1 Be6 14. a3 g5 15. Bg3 Nd7 16. Rfd1 Ne5 17. Bxe5 Bxe5 18. Bf1 Kh7 19. Rd3 g4 20. hxg4 Rg8 21. g3 Bxg4 22. Qe3 c5 23. Bg2 c6 24. b3 Qf6 25. Ne2 c4 26. Rd2 Bxe2 27. Qxe2 cxb3 28. cxb3 c5 29. Qd3 Kh8 30. Rc2 Bd4 31. Qf3 Qg6 32. Kh1 Rge8 33. Re1 Re5 34. Qd3 Rh5+ 35. Kg1 Rg5 36. Kh1 h5 37. Bh3 Qf6 38. Ree2 Re8 39. Bf5 Qg7 40. Bh3 h4 41. g4 Qf6 42. Kg2 Rge5 43. Kh1 Qf4 44. Qd2 Qxd2 45. Rcxd2 d5 46. f3 dxe4 47. Rxe4 Rxe4 48. fxe4 Rxe4 49. Rd3 Re2 50. a4 Kg7 51. Bg2 Be5 52. Kg1 Bg3 53. Rf3 Rb2 54. Kf1 Kg6 55. Rf5 Rxb3 56. Rxc5 Rb1+ 57. Ke2 Rb2+ 58. Kf1 Rf2+ 59. Kg1 Rf4 60. Rc1 Rxa4 61. Bh3 Ra2 62. Rc6+ Kg7 63. Rc4 a5 64. Bf1 a4 65. Rc1 Rb2 66. Ra1 Rb4 67. Be2 Be5 68. Ra3 Bb2 69. Ra2 a3 70. Kg2 Kf6 71. Kh3 Kg5 72. Bd1 Rc4 73. Bf3 Rc3 74. Kg2 f6 75. Bd1 Rg3+ 76. Kh2 Rxg4 77. Kh3 Rc4 78. Kg2 Rc3 79. Kh2 Kf4 80. Kg2 Rg3+ 81. Kh2 f5 82. Bc2 Ke5 83. Bd1 f4 84. Be2 f3 85. Bf1 Kd4 86. Bh3 Rxh3+ 87. Kxh3 Ke3 88. Kxh4 f2 89. Kg3 f1Q 90. Rxa3+ Bxa3 91. Kg4 Be7 92. Kg3 Qf4+ 93. Kg2 Qf3+ 94. Kh2 Qg4 95. Kh1 Kf2 96. Kh2 Qg2# 0-1

[Event "GER-ch U12"]
[Site "Willingen"]
[Date "2019.06.12"]
[Round "5"]
[White "Kageler, Anton Paul"]
[Black "Meuer, David"]
[Result "1/2-1/2"]
[WhiteElo "1563"]
[BlackElo "1549"]
[PlyCount "89"]
[EventDate "2019.06.08"]
[EventType "swiss"]
[EventRounds "9"]
[EventCountry "GER"]
[SourceTitle "CBM 191 Extra"]
[Source "ChessBase"]
[SourceDate "2019.09.30"]
[SourceVersion "1"]
[SourceVersionDate "2019.09.30"]
[SourceQuality "1"]

1. e4 e6 2. d4 d5 3. Nd2 c5 4. exd5 exd5 5. Ngf3 Nf6 6. Bb5+ Nc6 7. 0-0 Be7 8. dxc5 Bxc5 9. Nb3 Be7 10. Re1 0-0 11. h3 a6 12. Bf1 Bf5 13. Nbd4 Bg6 14. Bf4 Re8 15. c3 Qb6 16. Nb3 Rad8 17. Be3 Qc7 18. Nbd4 h6 19. Rc1 Nxd4 20. Bxd4 Ne4 21. c4 Qa5 22. a3 dxc4 23. Rxc4 Ng5 24. Nxg5 Qxg5 25. Qf3 b5 26. Be3 Qf5 27. Qxf5 Bxf5 28. Rc7 Bf6 29. g4 Bg6 30. Re2 Bd3 31. Rd2 Bxf1 32. Rxd8 Rxd8 33. Kxf1 Bxb2 34. Ra7 Bxa3 35. Rxa6 Be7 36. Rb6 b4 37. Ke2 f6 38. Bd2 Rd4 39. f3 Kf7 40. Rb5 Ke6 41. Ke3 Rd5 42. Rb6+ Kf7 43. Bxb4 Bxb4 44. Rxb4 g5 45. Ra4 1/2-1/2

[Event "GER-ch U12"]
[Site "Willingen"]
[Date "2019.06.10"]
[Round "3"]
[White "Meuer, David"]
[Black "Hoppstaedter, Daniel"]
[Result "1/2-1/2"]
[WhiteElo "1549"]
[BlackElo "1576"]
[PlyCount "90"]
[EventDate "2019.06.08"]
[EventType "swiss"]
[EventRounds "9"]
[EventCountry "GER"]
[SourceTitle "CBM 191 Extra"]
[Source "ChessBase"]
[SourceDate "2019.09.30"]
[SourceVersion "1"]
[SourceVersionDate "2019.09.30"]
[SourceQuality "1"]

1. e4 c5 2. c3 Nf6 3. e5 Nd5 4. d4 cxd4 5. cxd4 Nc6 6. Nf3 d6 7. Bc4 Nb6 8. Bb5 d5 9. 0-0 Bd7 10. Bf4 e6 11. Nc3 Be7 12. Rc1 0-0 13. Qe2 a6 14. Bd3 Nb4 15. Bb1 Na4 16. Nxa4 Bxa4 17. Rfe1 Bb5 18. Qd2 a5 19. a3 Nc6 20. Bg5 Bxg5 21. Nxg5 g6 22. Qf4 Nxd4 23. Nxh7 Kxh7 24. Qxd4 Rc8 25. Rxc8 Qxc8 26. b3 Qc6 27. a4 Ba6 28. h3 Rc8 29. Qh4+ Kg8 30. Qe7 Qc3 31. Re3 Qc1+ 32. Kh2 Qxb1 33. Qd7 Rf8 34. Rf3 Qe1 35. Qd6 Be2 36. Rf6 Kg7 37. Qc7 Kg8 38. Qxb7 d4 39. Qe4 Qd2 40. f4 Kg7 41. f5 exf5 42. Qh4 Rh8 43. Rxf7+ Kxf7 44. Qf6+ Kg8 45. Qxg6+ Kf8 1/2-1/2

[Event "SVR op"]
[Site "Lahnstein"]
[Date "2019.04.14"]
[Round "3"]
[White "Xu, Denis"]
[Black "Meuer, David"]
[Result "1/2-1/2"]
[WhiteElo "1111"]
[BlackElo "1479"]
[PlyCount "77"]
[EventDate "2019.04.13"]
[EventType "swiss"]
[EventRounds "7"]
[EventCountry "GER"]
[SourceTitle "EXT 2021"]
[Source "ChessBase"]
[SourceDate "2020.10.23"]
[SourceVersion "1"]
[SourceVersionDate "2020.10.23"]
[SourceQuality "1"]

1. e4 d5 2. exd5 Qxd5 3. Nc3 Qa5 4. d4 c6 5. Bd2 Qd8 6. Nf3 Nf6 7. h3 Bf5 8. Bc4 e6 9. 0-0 Be7 10. Re1 0-0 11. a3 Re8 12. Bf4 Nbd7 13. b4 Nb6 14. Bb3 Nbd5 15. Nxd5 Nxd5 16. Bh2 h6 17. c4 Nb6 18. c5 Nd5 19. Qd2 Bf6 20. Rad1 Bg6 21. Re2 Bh5 22. g4 Bg6 23. Rde1 Rc8 24. Ne5 Bh7 25. f4 Ra8 26. Nc4 Qd7 27. Bg3 Nc3 28. Nd6 Nxe2+ 29. Qxe2 Red8 30. f5 Qe7 31. fxe6 fxe6 32. Bf2 Kh8 33. Bxe6 Bg8 34. Bxg8 Qxe2 35. Rxe2 Kxg8 36. Nxb7 Re8 37. Rd2 Bg5 38. Rd3 Bf4 39. Na5 1/2-1/2

[Event "GER-chT U12"]
[Site "Magdeburg"]
[Date "2018.12.30"]
[Round "7.2"]
[White "Meuer, David"]
[Black "Eull, Emil"]
[Result "1/2-1/2"]
[WhiteElo "1618"]
[BlackElo "1526"]
[PlyCount "144"]
[EventDate "2018.12.27"]
[EventType "team-swiss"]
[EventRounds "7"]
[EventCountry "GER"]
[SourceTitle "CBM 188 Extra"]
[Source "ChessBase"]
[SourceDate "2019.02.26"]
[SourceVersion "1"]
[SourceVersionDate "2019.02.26"]
[SourceQuality "1"]
[WhiteTeam "Lahnstein Turm"]
[BlackTeam "Neuberg"]
[WhiteTeamCountry "GER"]
[BlackTeamCountry "GER"]

1. e4 c5 2. c3 Nf6 3. e5 Nd5 4. d4 cxd4 5. cxd4 e6 6. Nf3 d6 7. Bc4 Be7 8. 0-0 0-0 9. Nc3 Nxc3 10. bxc3 Nc6 11. Bf4 a6 12. a4 dxe5 13. Nxe5 Nxe5 14. Bxe5 Bd6 15. Re1 Qc7 16. Qd3 Rd8 17. Bxd6 Qxd6 18. Re3 Bd7 19. Bb3 Bc6 20. Rae1 Qa3 21. Qc2 Qd6 22. Qd3 Bd5 23. Bc2 g6 24. Rg3 Rac8 25. h3 Rc7 26. Ree3 Rdc8 27. Qd1 f5 28. Rd3 Be4 29. Rd2 Rxc3 30. Rxc3 Rxc3 31. Bxe4 fxe4 32. Qe2 Ra3 33. Ra2 Rd3 34. Rd2 Rxd4 35. Rxd4 Qxd4 36. Qc2 Qd5 37. Qc8+ Kf7 38. Qc7+ Kf6 39. Qf4+ Qf5 40. Qd2 Qc5 41. Qd8+ Ke5 42. Qg5+ Kd6 43. Qf4+ Qe5 44. Qd2+ Qd5 45. Qb4+ Kc6 46. Qc3+ Kb6 47. Qb4+ Ka7 48. a5 Qd8 49. Qc5+ Ka8 50. Qc3 Qd5 51. Qc8+ Ka7 52. Qc3 e5 53. Qb4 Qc6 54. Qd2 Qc5 55. Qe1 Qd4 56. Qc1 Qb4 57. Qa1 Qc5 58. Qe1 Qd5 59. Qe3+ Qd4 60. Qe1 h5 61. Qc1 Qd5 62. Qe3+ Ka8 63. Qc3 g5 64. Qc8+ Ka7 65. Qc3 g4 66. hxg4 hxg4 67. g3 Qd1+ 68. Kh2 Qf3 69. Qc5+ Kb8 70. Qxe5+ Kc8 71. Qc5+ Kd7 72. Qd5+ Kc7 1/2-1/2

[Event "GER-chT U12"]
[Site "Magdeburg"]
[Date "2018.12.28"]
[Round "4.2"]
[White "Meuer, David"]
[Black "Helmer, Teo"]
[Result "1-0"]
[WhiteElo "1618"]
[BlackElo "1323"]
[PlyCount "41"]
[EventDate "2018.12.27"]
[EventType "team-swiss"]
[EventRounds "7"]
[EventCountry "GER"]
[SourceTitle "CBM 188 Extra"]
[Source "ChessBase"]
[SourceDate "2019.02.26"]
[SourceVersion "1"]
[SourceVersionDate "2019.02.26"]
[SourceQuality "1"]
[WhiteTeam "Lahnstein Turm"]
[BlackTeam "Muldental Wilkau Hasslau"]
[WhiteTeamCountry "GER"]
[BlackTeamCountry "GER"]

1. e4 d6 2. d4 g6 3. Nc3 Bg7 4. h3 Nd7 5. Nf3 Ngf6 6. Bc4 0-0 7. 0-0 e5 8. dxe5 dxe5 9. Be3 b6 10. Bg5 Bb7 11. Re1 Nc5 12. Bd5 Qd7 13. Bxb7 Qxd1 14. Raxd1 Nxb7 15. Nxe5 Rfe8 16. Nc4 Nc5 17. Bxf6 Bxf6 18. Nd5 Rxe4 19. Nxf6+ Kg7 20. Nxe4 Nxe4 21. Rxe4 1-0

[Event "GER-chT U12"]
[Site "Magdeburg"]
[Date "2018.12.27"]
[Round "1.2"]
[White "Meuer, David"]
[Black "Freude, Max"]
[Result "0-1"]
[WhiteElo "1618"]
[BlackElo "1440"]
[PlyCount "96"]
[EventDate "2018.12.27"]
[EventType "team-swiss"]
[EventRounds "7"]
[EventCountry "GER"]
[SourceTitle "CBM 188 Extra"]
[Source "ChessBase"]
[SourceDate "2019.02.26"]
[SourceVersion "1"]
[SourceVersionDate "2019.02.26"]
[SourceQuality "1"]
[WhiteTeam "Lahnstein Turm"]
[BlackTeam "Berlin Empor"]
[WhiteTeamCountry "GER"]
[BlackTeamCountry "GER"]

1. e4 e5 2. Nf3 Nf6 3. Bc4 d5 4. Bxd5 Nxd5 5. exd5 Bd6 6. Nc3 0-0 7. 0-0 Bg4 8. d3 f5 9. Bd2 Nd7 10. a3 e4 11. dxe4 Ne5 12. h3 Nxf3+ 13. gxf3 Bxh3 14. Re1 f4 15. Bxf4 Bxf4 16. Ne2 Qg5+ 17. Ng3 Bxg3 18. Kh1 Bxf2 19. Rg1 Bxg1 20. Qxg1 Qh5 21. Qg3 Qxf3+ 22. Qxf3 Rxf3 23. e5 Re8 24. e6 Bxe6 25. dxe6 Rxe6 26. Rd1 Rg6 27. Kh2 Rf5 28. Rd3 Rh5+ 29. Rh3 Rxh3+ 30. Kxh3 Kf7 31. c4 Ke6 32. c5 Ke5 33. b4 Ra6 34. b5 Rxa3+ 35. Kg2 Kf4 36. c6 bxc6 37. bxc6 a5 38. Kh2 Kg4 39. Kg2 Ra2+ 40. Kf1 Kg3 41. Ke1 Kf3 42. Kd1 Ke3 43. Kc1 Kd3 44. Kb1 Rg2 45. Kc1 Rh2 46. Kb1 Kc3 47. Ka1 Kb3 48. Kb1 Rh1# 0-1

[Event "Bad Soden U10 op"]
[Site "Bad Soden"]
[Date "2017.10.01"]
[Round "5"]
[White "Graef, Kilian Gabriel"]
[Black "Meuer, David"]
[Result "0-1"]
[WhiteElo "1183"]
[BlackElo "1034"]
[PlyCount "60"]
[EventDate "2017.09.30"]
[EventType "swiss"]
[EventRounds "9"]
[EventCountry "GER"]
[SourceTitle "EXT 2019"]
[Source "ChessBase"]
[SourceDate "2018.10.10"]
[SourceVersion "1"]
[SourceVersionDate "2018.10.10"]
[SourceQuality "1"]

1. d4 d5 2. c4 e6 3. Nc3 Nf6 4. cxd5 exd5 5. Qc2 Be7 6. Nf3 Nc6 7. a3 Bg4 8. Nd2 Nxd4 9. Qa4+ Nc6 10. e3 Bd7 11. Qb3 Be6 12. Qxb7 Bd7 13. Bb5 Rb8 14. Qa6 Qc8 15. Qa4 Qb7 16. 0-0 0-0 17. Qc2 a6 18. Bd3 h6 19. Nf3 Rfd8 20. Ne2 Bg4 21. Nh4 Bxe2 22. Bxe2 Ne4 23. b4 Bxh4 24. f3 Nd6 25. Bb2 Ra8 26. Qc3 Bf6 27. Qd2 Bxb2 28. Qxb2 Re8 29. b5 axb5 30. Qxb5 Nxb5 0-1

[Event "Bad Soden U10 op"]
[Site "Bad Soden"]
[Date "2017.09.30"]
[Round "2"]
[White "Meuer, David"]
[Black "Ohler, Julius"]
[Result "0-1"]
[WhiteElo "1034"]
[BlackElo "1646"]
[PlyCount "98"]
[EventDate "2017.09.30"]
[EventType "swiss"]
[EventRounds "9"]
[EventCountry "GER"]
[SourceTitle "EXT 2019"]
[Source "ChessBase"]
[SourceDate "2018.10.10"]
[SourceVersion "1"]
[SourceVersionDate "2018.10.10"]
[SourceQuality "1"]

1. e4 d5 2. exd5 Qxd5 3. Nc3 Qd8 4. d4 g6 5. Nf3 Bg7 6. Be3 Bg4 7. Be2 e6 8. h3 Bxf3 9. Bxf3 c6 10. 0-0 Ne7 11. Qd3 Nf5 12. Rfd1 Nxe3 13. fxe3 0-0 14. a3 Nd7 15. Kh1 Nb6 16. Rab1 Nd5 17. Nxd5 exd5 18. e4 dxe4 19. Bxe4 f5 20. Bf3 Qd7 21. c3 Kh8 22. Re1 Rae8 23. Qd2 Re6 24. Rbd1 Rfe8 25. Re2 Rxe2 26. Bxe2 Qe7 27. Bf3 Bf6 28. Qc2 Kg7 29. Kh2 Qd6+ 30. Kh1 Bd8 31. Qf2 Bc7 32. Qg1 g5 33. Bh5 Re6 34. Rf1 Rh6 35. g4 f4 36. Qg2 Re6 37. Rf3 Re1+ 38. Rf1 Rxf1+ 39. Qxf1 f3 40. Qf2 Qf4 41. Kg1 Qc1+ 42. Qf1 Bh2+ 43. Kf2 Bg3+ 44. Kg1 Qe3+ 45. Kh1 Qe2 46. Qg1 f2 47. Qxg3 f1Q+ 48. Qg1 Qef3+ 49. Kh2 Q1xh3# 0-1

[Event "SVR-op"]
[Site "Heimbach Weis"]
[Date "2017.04.13"]
[Round "5"]
[White "Meuer, David"]
[Black "Klinkner, Collin"]
[Result "1/2-1/2"]
[WhiteElo "1025"]
[BlackElo "817"]
[PlyCount "50"]
[EventDate "2017.04.08"]
[EventType "swiss"]
[EventRounds "7"]
[EventCountry "GER"]
[SourceTitle "EXT 2020"]
[Source "ChessBase"]
[SourceDate "2019.10.17"]
[SourceVersion "1"]
[SourceVersionDate "2019.10.17"]
[SourceQuality "1"]

1. e4 e6 2. d4 d5 3. exd5 exd5 4. Bd3 c5 5. Nf3 Bg4 6. Be2 Nc6 7. c3 Nf6 8. Bf4 b6 9. Bb5 Bd7 10. Bg5 Be7 11. Bxf6 Bxf6 12. dxc5 Ne7 13. Bxd7+ Qxd7 14. 0-0 bxc5 15. Re1 0-0 16. Na3 Rac8 17. Qd3 a6 18. Qxa6 Rc6 19. Qd3 Qd6 20. h3 g6 21. Nc2 Rcc8 22. Ne3 Rcd8 23. Ng4 Bg7 24. Qe3 Nf5 25. Qd2 d4 1/2-1/2

[Event "SVR-op"]
[Site "Heimbach Weis"]
[Date "2017.04.09"]
[Round "3"]
[White "Meuer, David"]
[Black "Fels, Georg"]
[Result "0-1"]
[WhiteElo "1025"]
[BlackElo "1106"]
[PlyCount "38"]
[EventDate "2017.04.08"]
[EventType "swiss"]
[EventRounds "7"]
[EventCountry "GER"]
[SourceTitle "EXT 2020"]
[Source "ChessBase"]
[SourceDate "2019.10.17"]
[SourceVersion "1"]
[SourceVersionDate "2019.10.17"]
[SourceQuality "1"]

1. e4 e5 2. Nf3 d6 3. Nc3 Bg4 4. Be2 f5 5. d3 f4 6. d4 Nc6 7. d5 Bxf3 8. Bxf3 Nd4 9. Bd2 Nf6 10. h3 Qd7 11. 0-0 h5 12. h4 0-0-0 13. Rb1 Be7 14. Re1 Rdg8 15. Be2 g5 16. hxg5 Rxg5 17. Bg4 Rxg4 18. Kh2 Rh4+ 19. Kg1 Rg8 0-1

[Event "SVR-op"]
[Site "Heimbach Weis"]
[Date "2017.04.08"]
[Round "1"]
[White "Marx, Christina"]
[Black "Meuer, David"]
[Result "1-0"]
[WhiteElo "1467"]
[BlackElo "1025"]
[PlyCount "95"]
[EventDate "2017.04.08"]
[EventType "swiss"]
[EventRounds "7"]
[EventCountry "GER"]
[SourceTitle "EXT 2020"]
[Source "ChessBase"]
[SourceDate "2019.10.17"]
[SourceVersion "1"]
[SourceVersionDate "2019.10.17"]
[SourceQuality "1"]

1. e4 e6 2. c4 Nf6 3. Nc3 Bb4 4. e5 Ng8 5. d4 Ne7 6. Nf3 d6 7. Qa4+ Nec6 8. d5 0-0 9. dxc6 Nxc6 10. Be2 dxe5 11. 0-0 Bc5 12. Ne4 Be7 13. Be3 f5 14. Rad1 Qe8 15. Nc3 e4 16. Nd2 Qg6 17. f3 f4 18. Bxf4 Rxf4 19. Ndxe4 Bb4 20. Bd3 Qh6 21. Ne2 Rf8 22. a3 Be7 23. Qc2 e5 24. Nf2 Bd6 25. Be4 Nd4 26. Nxd4 exd4 27. g3 Qf6 28. Bxh7+ Kh8 29. Be4 c6 30. Qd3 c5 31. Bd5 Qg5 32. Ne4 Qg6 33. Nxd6 Qxd6 34. Qe4 Bf5 35. Qh4+ Bh7 36. Rfe1 Rae8 37. Bxb7 Qb6 38. Rxe8 Rxe8 39. Be4 g6 40. Re1 d3 41. Qf4 Qxb2 42. Rd1 Qd4+ 43. Kg2 Qxc4 44. Rxd3 Qa2+ 45. Rd2 Qxa3 46. Qf6+ Kg8 47. Bd5+ Re6 48. Bxe6# 1-0